A hallgatottság-mérések megbízhatóságának kérdései egy központosított médiatérben a Szabó család esete : [absztrakt] /

Elmentve itt :
Bibliográfiai részletek
Szerző: Sz. Nagy Gábor
Testületi szerző: 12. Szegedi Információtörténeti Műhely
Dokumentumtípus: Könyv része
Megjelent: Primaware Szeged 2024
Sorozat:A Szegedi Információtörténeti Műhely konferenciájának előadásai 12
Kulcsszavak:Közvéleménykutatás - módszer - előadáskivonat
Tárgyszavak:
Online Access:http://acta.bibl.u-szeged.hu/85532
LEADER 01076naa a2200253 i 4500
001 acta85532
005 20241104131411.0
008 241104s2024 hu o 100 hun d
020 |a 978-615-02-2148-9 
040 |a SZTE Egyetemi Kiadványok Repozitórium  |b hun 
041 |a hun 
100 2 |a Sz. Nagy Gábor 
245 1 2 |a A hallgatottság-mérések megbízhatóságának kérdései egy központosított médiatérben   |h [elektronikus dokumentum] :  |b a Szabó család esete : [absztrakt] /  |c  Sz. Nagy Gábor 
260 |a Primaware  |b Szeged  |c 2024 
300 |a 25 
490 0 |a A Szegedi Információtörténeti Műhely konferenciájának előadásai  |v 12 
650 4 |a Társadalomtudományok 
650 4 |a Szociológia 
650 4 |a Média és kommunikáció 
650 4 |a Bölcsészettudományok 
650 4 |a Történettudomány és régészet 
695 |a Közvéleménykutatás - módszer - előadáskivonat 
711 |a 12. Szegedi Információtörténeti Műhely  |c Szeged  |d 2024. május 23. 
856 4 0 |u http://acta.bibl.u-szeged.hu/85532/1/szim_012_025.pdf  |z Dokumentum-elérés